LIBRARY & INFORMATION CENTRE, KCAET, TAVANUR

ONLINE PUBLIC ACCESS CATALOGUE (OPAC)

Water resources engineering / (Record no. 9335)

MARC details
000 -LEADER
fixed length control field 00495cam a2200193ua 4500
020 ## - INTERNATIONAL STANDARD BOOK NUMBER
ISBN 0 07 462447 4
041 ## - LANGUAGE CODE
Language code of text/sound track or separate title eng
082 ## - DEWEY DECIMAL CLASSIFICATION NUMBER
Classification number 627
Item number SUB/WA
100 ## - MAIN ENTRY--AUTHOR NAME
Personal name Subrahmanya, K .
245 ## - TITLE STATEMENT
Title Water resources engineering /
250 ## - EDITION STATEMENT
Edition statement 2 /
260 ## - PUBLICATION, DISTRIBUTION, ETC. (IMPRINT)
Place of publication New Delhi :
Name of publisher Tata Mc-Graw Hill Publishing Company ,
Year of publication 1994.
300 ## - PHYSICAL DESCRIPTION
Number of Pages 204 ; .
500 ## - GENERAL NOTE
General note * CSS
942 ## - ADDED ENTRY ELEMENTS (KOHA)
Koha item type Books
Holdings
Withdrawn status Lost status Damaged status Home library Current library Shelving location Date acquired Full call number Accession Number Koha item type
Withdrawn     KAUAET KAUAET Scheme 13/09/2018 627 SUB/WA 18513 Books
free website counter